000 00656cam a2200229 4500500
005 20260405003708.0
041 _afre
042 _adc
100 1 0 _aDurand, Jean-Marie
_eauthor
245 0 0 _aLa Clé des champs et autres impromptus
260 _c2023.
500 _a3
690 _aAndré Comte-Sponville
690 _aEnfance
690 _aEuthanasie
690 _alucidité
690 _aMère
690 _aMort
690 _aPessimisme
786 0 _nPhilosophie magazine | 168 | 4 | 2023-04-01 | p. 58-58 | 1951-1787
856 4 1 _uhttps://shs.cairn.info/magazine-philosophie-magazine-2023-4-page-58?lang=fr&redirect-ssocas=7080
999 _c2069933
_d2069933